Le Brésil pour les touristes... - Statistiques

Statistiques générales
  • Ce quiz a été pris 28 fois
  • Le résultat moyen est 10 sur 20
Statistiques - réponses
Question Indice Réponses % Correct
Quelle est la langue officielle ? Portugais
100%
Avez-vous besoin d'un visa ? (oui/non) Non
89%
Le suffixe internet est br
81%
Le principal aéroport est S Sao Paulo
81%
Combien d'heures (environ) mettrez-vous pour vous y rendre ? (en chiffres) 12
74%
La conduite se fait à droite ou à gauche ? Droite
74%
Dans la capitale quel est le décalage horaire avec Paris ? (+ ou - et chiffre) ex - 10 - 5
70%
Quelles sont les principaux lieux touristiques ? R Rio de Janeiro
70%
La vitesse est limitée hors des villes à {110} km/h
59%
Quelle est la monnaie ? Real
59%
La religion majoritaire est Catholicisme
48%
Achats à faire 1/ Eau de vie Cachaça
41%
Achats à faire 4/ Maillot de Football
37%
Quelles sont les principaux lieux touristiques ? I Chutes d'{Iguazu}
33%
Quelles sont les principaux lieux touristiques ? G Ilha {Grande}
26%
Comment se nomme la principale compagnie aérienne locale L LATAM
15%
Quels sont les climats locaux ? T E & S {Tropical}, {Equatorial} & {Subtropical}
11%
Achats à faire 2/ Serviette de plage Canga
4%
Achats à faire 3/ Instrument Pandeiro
4%
Quelles sont les principaux lieux touristiques ? L M Parc des {Lençois Maranhenses}
4%
Aucun quiz correspondant
Distribution des résultats
% des personnes avec chaque résultat
Percentile par nombre de réponses
Votre historique - résultats
Vous n’avez pas pris ce quiz